000 01025nam a22002057a 4500
999 _c63601
_d63601
003 Ge_BSU
005 20251113144054.0
008 251113s1960 ge ||||| |||| 00| 0 geo d
041 _ageo
080 _a908(47+57) : 330.12(47+57) ყ-92
100 _aყურაშვილი, ვ.
_926215
245 _aსაბჭოთა ხალხის კეთილდღეობის ზრდა შვიდწლედში:
_b1959-1965 წ.წ. /
_c ვ. ყურაშვილი, გ. მოზაიძე.
264 _aთბ. :
_bსაბჭ. საქართველო,
_c1960.
300 _a114 გვ. :
_bცხრილ. ;
_c20 სმ.
504 _aბიბლიოგრ. შენიშვნებში.
653 _aსაბჭოთა ხალხის კეთილდღეობა
653 _aსსრკ კომუნისტური მშენებლობა
700 _aმოზაიძე, გ.
_eავტორი
_926216
942 _2udc
_cᲬᲘᲒᲜᲘ